书目信息 |
| 题名: |
无线通信基础及应用
|
|
| 作者: | 魏崇毓 主编 | |
| 分册: | ||
| 出版信息: | 西安 西北电子科技大学出版社 2009.08 |
|
| 页数: | 284页 | |
| 开本: | 20cm | |
| 丛书名: | ||
| 单 册: | ||
| 中图分类: | TN92 | |
| 科图分类: | ||
| 主题词: | 无线电通信 | |
| 电子资源: | ||
| ISBN: | 7-5606-2248-8 | |
| 000 | 00571nam0 2200193 450 | |
| 001 | 1835852122 | |
| 005 | 20181217095828.74 | |
| 010 | @a7-5606-2248-8@dCNY31.00 | |
| 100 | @a20181217d2009 km y0chiy0120 ea | |
| 101 | 0 | @achi |
| 102 | @aCN@b610000 | |
| 200 | 1 | @a无线通信基础及应用@Awu xian tong xin ji chu ji ying yong@f主编魏崇毓@Fzhu bian wei chong yu |
| 210 | @a西安@c西北电子科技大学出版社@d2009.08 | |
| 215 | @a284页@d20cm | |
| 606 | 0 | @a无线电通信 |
| 690 | @aTN92@v4 | |
| 701 | 0 | @a魏崇毓@Awei chong yu@4主编 |
| 801 | 0 | @aCN@bMUSE@c20181217 |
| 905 | @aMUSE@dTN92@eW579 | |
| 无线通信基础及应用/主编魏崇毓.-西安:西北电子科技大学出版社,2009.08 |
| 284页;20cm |
| ISBN 7-5606-2248-8:CNY31.00 |
| ● |
| 相关链接 |
|
|
|
正题名:无线通信基础及应用
索取号:TN92/W579
 
预约/预借
| 序号 | 登录号 | 条形码 | 馆藏地/架位号 | 状态 | 备注 |
| 1 | 1301097 | 213010971 | 自科库301/301自科库 999排3列3层/ [索取号:TN92/W579] | 在馆 |